One woman at a time : (Record no. 8447)
[ view plain ]
| 000 -LEADER | |
|---|---|
| fixed length control field | 00663nam a22002172 4500 |
| 001 - CONTROL NUMBER | |
| control field | 0000013112 |
| 005 - DATE AND TIME OF LATEST TRANSACTION | |
| control field | 20151217152122.0 |
| 008 - FIXED-LENGTH DATA ELEMENTS--GENERAL INFORMATION | |
| fixed length control field | 090603s xx 000 0 eng d |
| 020 ## - INTERNATIONAL STANDARD BOOK NUMBER | |
| International Standard Book Number | 996681311x : |
| 040 ## - CATALOGING SOURCE | |
| Original cataloging agency | KABU |
| Transcribing agency | KABU |
| 100 1# - MAIN ENTRY--PERSONAL NAME | |
| Personal name | Lukalo-Owino, Rose. |
| -- | 0000169863 |
| 245 10 - TITLE STATEMENT | |
| Title | One woman at a time : |
| Remainder of title | the Kianda Foundation / |
| Statement of responsibility, etc. | Rose Lukalo-Owino. |
| 250 ## - EDITION STATEMENT | |
| Edition statement | 1st ed. |
| 260 ## - PUBLICATION, DISTRIBUTION, ETC. (IMPRINT) | |
| Place of publication, distribution, etc. | Farnham, UK. : |
| Name of publisher, distributor, etc. | Allavida, |
| Date of publication, distribution, etc. | 2008. |
| 300 ## - PHYSICAL DESCRIPTION | |
| Extent | xi, 68 p. |
| 610 20 - SUBJECT ADDED ENTRY--CORPORATE NAME | |
| Corporate name or jurisdiction name as entry element | Kianda Foundation. |
| -- | 0000170231 |
| 650 #0 - SUBJECT ADDED ENTRY--TOPICAL TERM | |
| Topical term or geographic name as entry element | Educational Foundation |
| Geographic subdivision | Kenya. |
| -- | 0000170232 |
| 852 1# - LOCATION | |
| -- | p200 KES |
| 908 ## - PUT COMMAND PARAMETER (RLIN) | |
| Put command parameter | 090603 |
| 950 ## - LOCAL HOLDINGS (RLIN) | |
| -- | 1 |
| Withdrawn status | Lost status | Source of classification or shelving scheme | Not for loan | Home library | Current library | Date acquired | Total Checkouts | Full call number | Barcode | Date last seen | Price effective from | Koha item type |
|---|---|---|---|---|---|---|---|---|---|---|---|---|
| Library of Congress Classification | Kabarak, Main Campus | Kabarak, Main Campus | 17/12/2015 | LC243 .K4K53 2008 c. 2 | 17761 | 17/12/2015 | 17/12/2015 | General Collection | ||||
| Library of Congress Classification | Kabarak, Main Campus | Kabarak, Main Campus | 17/12/2015 | LC243 .K4K53 2008 c. 1 | 17760 | 17/12/2015 | 17/12/2015 | Africana Collection |